000 00756nam a2200241 a 4500
008
020 _a0080374077 (pbk.)
049 _aMAIN
090 _aHD62.5
245 0 0 _aEntrepreneurship :
_bcreating and managing new ventures /
_cedited by Bruce Lloyd.
260 0 _aOxford :
_bPergamon Press,
_c1989.
300 _avi, 185 p. :
_bill. ;
_c30 cm.
440 4 _aThe Best of long range planning ;
_vno. 2.
504 _aIncludes bibliographical references.
650 0 _aNew business enterprises
_xManagement.
650 0 _aEntrepreneurship.
700 1 0 _aLloyd, Bruce.
907 _a.b1008258x
_b17-12-09
_c15-07-03
003
005 20230123133337.0
040 _cNUST
942 _cBOOKS
_kHD62.5
999 _c146952
_d146952